000 00775nam a2200241Ia 4500
003 OSt
005 20220923221815.0
006 a|||||r|||| 00| 0
007 ta
008 220922b |||||||| |||| 00| 0 hin d
024 _a200,191
037 _cTextual
040 _aARTS
_cARTS
_bhin
041 _2hin
_ahin
082 _aQ3:332wN7, 152N2
100 _aबोरा, राजमल
245 0 _aमुनि मिश्रिलाल की आत्मन्कथा
246 _aMuni mishrilāl kī āthinkathā
260 _aनई दिल्ली
_b भूमिका प्रकाशन
_c1992
300 _a192पृ.
_ccm.
942 _hQ3:332wN7, 152N2
_cTEXL
_2CC
999 _c351863
_d351863